[Event "ICS rated blitz match"]
[Site "204.178.125.65"]
[Date "2000.03.03"]
[Round "?"]
[White "Hossa"]
[Black "Enfatico"]
[Result "1-0"]
[WhiteElo "2470"]
[BlackElo "2113"]
[PlyCount "81"]

1. e4 c6 2. d4 d5 3. Nc3 dxe4 4. Nxe4 Bf5 5. Ng3 Bg6 6. h4 h6 7. Nf3 Nd7 8. h5
Bh7 9. Bd3 Bxd3 10. Qxd3 Qc7 11. Bd2 e6 12. O-O-O Bd6 13. Ne4 Bf4 14. Qa3 Ngf6
15. Rh4 Bxd2+ 16. Nfxd2 Nb6 17. Nd6+ Kd8 18. Re1 Qe7 19. Qg3 Nc8 20. Nxb7+ Qxb7
21. Qxg7 Re8 22. Qxf6+ Qe7 23. Rf4 Nd6 24. Qxh6 Kd7 25. g4 Rh8 26. Qg7 Rag8 27.
Qe5 Rh6 28. Nb3 Rg5 29. Nc5+ Ke8 30. Qe3 Rf6 31. Qf3 Rxf4 32. Qxf4 Kf8 33. Rxe6
Rxg4 34. Qh6+ Rg7 35. Rxe7 Kxe7 36. Qxg7 Ne8 37. Qe5+ Kf8 38. Nd7+ Kg8 39.
Qxe8+ Kg7 40. Qf8+ Kh7 41. Nf6# 1-0

[Event "ICS Rated blitz match"]
[Site "204.178.125.65"]
[Date "2000.03.03"]
[Round "?"]
[White "Hossa"]
[Black "StrongBach"]
[Result "1-0"]
[WhiteElo "2479"]
[BlackElo "1830"]
[PlyCount "57"]

1. e4 e6 2. d4 Qh4 3. Nd2 Be7 4. Ngf3 Qf4 5. Bd3 Qf6 6. e5 Qf4 7. Nb3 Qg4 8. h3
Qxg2 9. Rh2 Bb4+ 10. c3 Qxh2 11. Nxh2 Be7 12. Bf4 g6 13. Qf3 Nc6 14. Be4 g5 15.
Bg3 Nd8 16. Na5 c6 17. Qh5 b6 18. Nc4 h6 19. Ng4 Ba6 20. Nd6+ Bxd6 21. exd6 Kf8
22. Be5 f6 23. Nxf6 Nxf6 24. Bxf6 Nf7 25. Bxh8 Nxh8 26. Qxh6+ Kf7 27. Qh7+ Kf8
28. Qe7+ Kg8 29. Bh7# 1-0

[Event "ICS rated blitz match"]
[Site "204.178.125.65"]
[Date "2000.03.03"]
[Round "?"]
[White "heatstroke"]
[Black "Hossa"]
[Result "1-0"]
[WhiteElo "2893"]
[BlackElo "2480"]
[PlyCount "70"]

1. d4 Nf6 2. c4 g6 3. Nc3 Bg7 4. e4 d6 5. Nf3 O-O 6. Be2 e5 7. O-O Nc6 8. d5
Ne7 9. b4 a5 10. bxa5 Rxa5 11. Nd2 Nd7 12. Nb3 Ra8 13. f3 f5 14. a4 Kh8 15. Bg5
b6 16. Qd2 Ba6 17. a5 fxe4 18. Nxe4 bxa5 19. Rxa5 Nb6 20. Ra2 Rf5 21. Rfa1 Bb7
22. Rxa8 Bxa8 23. c5 dxc5 24. d6 cxd6 25. Nxd6 Qc7 26. Bxe7 Qxe7 27. Nxf5 gxf5
28. Ra6 Bxf3 29. gxf3 Qf6 30. Qa5 Qg5+ 31. Kh1 Nd7 32. Ra8+ Nf8 33. Qxc5 Qf6
34. Qd5 Bh6 35. Nc5 f4 1-0

[Event "ICS Rated blitz match"]
[Site "204.178.125.65"]
[Date "2000.03.03"]
[Round "?"]
[White "Hossa"]
[Black "heatstroke"]
[Result "0-1"]
[WhiteElo "2474"]
[BlackElo "2896"]
[PlyCount "168"]

1. e4 e5 2. Nf3 Nf6 3. Nxe5 d6 4. Nf3 Nxe4 5. d4 d5 6. Bd3 Be7 7. O-O Nc6 8. c4
Nb4 9. Be2 O-O 10. a3 Nc6 11. cxd5 Qxd5 12. Nc3 Nxc3 13. bxc3 Bf5 14. Re1 Rfe8
15. Be3 Bf6 16. Nd2 Qd7 17. Qb3 Na5 18. Qb4 b6 19. Qb5 c6 20. Qa6 Re7 21. a4 c5
22. Bd3 Rd8 23. Bxf5 Qxf5 24. Nf3 Nb3 25. Rab1 cxd4 26. cxd4 Na5 27. Rbc1 h6
28. Re2 Nb3 29. Rd1 Nc5 30. Qc4 Qd5 31. Qxd5 Rxd5 32. Ra2 Ne6 33. Rc2 Red7 34.
Rc8+ Kh7 35. Rc4 g6 36. Kf1 g5 37. h3 h5 38. Ke2 Kg6 39. Rd2 Kf5 40. Kd1 R7d6
41. Kc1 g4 42. hxg4+ hxg4 43. Ne5 Bxe5 44. dxe5 Rxd2 45. exd6 Rxd6 46. Kc2 Rd5
47. Rb4 Re5 48. Kb2 g3 49. Ka3 gxf2 50. g4+ Kg6 51. Bxf2 Kg5 52. Rc4 Re2 53.
Bg1 Rg2 54. Be3+ Kh4 55. g5+ Kh5 56. Kb4 Re2 57. Bc1 Re5 58. Rc8 Nxg5 59. Bb2
a5+ 60. Ka3 Re3+ 61. Ka2 Re4 62. Ka3 Ne6 63. Re8 f5 64. Bf6 Re3+ 65. Ka2 f4 66.
Rh8+ Kg4 67. Rg8+ Kf5 68. Bb2 f3 69. Rg1 Kf4 70. Rb1 Kg3 71. Rg1+ Kf2 72. Rg6
Ke2 73. Bc1 Re4 74. Ka3 Nc5 75. Rxb6 Rxa4+ 76. Kb2 Rb4+ 77. Rxb4 axb4 78. Bg5
f2 79. Kc2 f1=Q 80. Kb2 Qd1 81. Bc1 Nd3+ 82. Ka2 Qc2+ 83. Ka1 Qxc1+ 84. Ka2
Qb2# 0-1

[Event "ICS Rated bullet match"]
[Site "204.178.125.65"]
[Date "2000.03.03"]
[Round "?"]
[White "Hossa"]
[Black "JSBach"]
[Result "1-0"]
[WhiteElo "2316"]
[BlackElo "2051"]
[PlyCount "57"]

1. e4 e5 2. Nf3 Nf6 3. d4 exd4 4. e5 Ne4 5. Qxd4 d5 6. exd6 Nxd6 7. Nc3 Nc6 8.
Qf4 Bf5 9. Bb5 Bxc2 10. Ne5 Qc8 11. Nxc6 Qe6+ 12. Kd2 Nxb5 13. Re1 Qxe1+ 14.
Kxe1 bxc6 15. Nxb5 cxb5 16. Qe5+ Be7 17. Qxb5+ Kf8 18. Qc4 Bf5 19. Qxc7 Re8 20.
Be3 Be4 21. Qxa7 Bxg2 22. Kd2 Ra8 23. Qc7 Rd8+ 24. Kc3 Ke8 25. Re1 Kf8 26. Bc5
Re8 27. Rxe7 Ra8 28. Rxf7+ Ke8 29. Qd7# 1-0

[Event "ICS Rated standard match"]
[Site "204.178.125.65"]
[Date "2000.03.03"]
[Round "?"]
[White "prg3"]
[Black "Hossa"]
[Result "1/2-1/2"]
[WhiteElo "2188"]
[BlackElo "2186"]
[PlyCount "108"]

1. d4 Nf6 2. c4 g6 3. Nc3 Bg7 4. e4 d6 5. Nf3 O-O 6. Be2 e5 7. dxe5 dxe5 8.
Qxd8 Rxd8 9. Bg5 Re8 10. Nd5 Nxd5 11. cxd5 c6 12. Bc4 cxd5 13. Bxd5 Nd7 14. Nd2
Nc5 15. Ke2 Ne6 16. Bxe6 Bxe6 17. Rhc1 Rec8 18. f3 Rxc1 19. Rxc1 Bxa2 20. b3 a5
21. Ra1 Bxb3 22. Nxb3 a4 23. Nc5 h6 24. Bd2 b5 25. Bb4 Bf8 26. Nd3 f6 27. Ra3
Rc8 28. Kd2 Rd8 29. Kc2 Rd4 30. Bxf8 Kxf8 31. Nb2 Ke7 32. Rc3 Kd7 33. Rd3 Kc6
34. Rxd4 exd4 35. Nd3 g5 36. Kb2 h5 37. Ka3 g4 38. Kb4 gxf3 39. gxf3 h4 40. h3
Kb6 41. f4 Kc6 42. f5 Kd6 43. Ka3 Ke7 44. Nc1 Kd6 45. Nd3 Ke7 46. Kb2 Kd6 47.
Kc2 Ke7 48. Nb4 Kd6 49. Nd3 Ke7 50. Kb1 Kd7 51. Kb2 Kd6 52. Ka2 Kc6 53. Ka3 Kc7
54. Kb4 Kd6 1/2-1/2

[Event "ICS Rated bullet match"]
[Site "204.178.125.65"]
[Date "2000.03.03"]
[Round "?"]
[White "MrsLovett"]
[Black "Hossa"]
[Result "1-0"]
[WhiteElo "2703"]
[BlackElo "2322"]
[PlyCount "122"]

1. e4 c5 2. Nf3 Nc6 3. d4 cxd4 4. Nxd4 Nf6 5. Nc3 d6 6. Bg5 e6 7. Qd2 a6 8.
O-O-O Bd7 9. f4 h6 10. Bh4 g5 11. fxg5 Ng4 12. Be2 Nge5 13. Nf3 Be7 14. Rhg1
Rc8 15. a3 b5 16. Kb1 Rb8 17. h3 b4 18. axb4 Rxb4 19. Nxe5 dxe5 20. Rgf1 hxg5
21. Bg3 f6 22. Bxa6 Nd4 23. Qd3 Qb6 24. b3 Qc6 25. Bc4 Rb8 26. Bf2 Bc5 27. Ne2
Be7 28. Nxd4 exd4 29. Bxd4 Rh6 30. e5 f5 31. Qe2 Qc7 32. Rd2 Qa5 33. c3 Bc6 34.
Ra2 Ba3 35. Kc2 Be4+ 36. Kd2 Rd8 37. Qf2 Bxg2 38. Rfa1 Rh4 39. Ke2 Re4+ 40. Kd3
Bxh3 41. Rxa3 Qxe5 42. Ra6 f4 43. Ra8 Re3+ 44. Kd2 Qc7 45. R1a7 Qd6 46. Kc1 Rg3
47. Qxg3 fxg3 48. Bb5+ Kf8 49. Bc5 Rxa8 50. Bxd6+ Kg8 51. Rxa8+ Kf7 52. Bxg3
Kg6 53. Bd6 Bf5 54. Be5 Be4 55. Rf8 Kh6 56. Be8 g4 57. Rg8 g3 58. Rxg3 Bf5 59.
Bf6 Kh7 60. Rg5 Bg6 61. Bxg6+ Kg8 1-0

[Event "ICS Rated blitz match"]
[Site "204.178.125.65"]
[Date "2000.03.03"]
[Round "?"]
[White "gucio"]
[Black "Hossa"]
[Result "0-1"]
[WhiteElo "2398"]
[BlackElo "2471"]
[PlyCount "84"]

1. e4 e5 2. Nf3 Nc6 3. Bc4 Nf6 4. d3 Be7 5. O-O O-O 6. Re1 d6 7. c3 Na5 8. Bb5
a6 9. Ba4 Bg4 10. h3 Bh5 11. Nbd2 Nc6 12. Nf1 b5 13. Bc2 a5 14. g4 Bg6 15. Ng3
d5 16. Qe2 dxe4 17. dxe4 Rb8 18. Nh4 Bd6 19. Nhf5 Ne8 20. a4 b4 21. h4 b3 22.
Bd3 Bxf5 23. Nxf5 Ne7 24. h5 Nxf5 25. gxf5 Qh4 26. Kg2 Bc5 27. Rh1 Qd8 28. Bc4
Nd6 29. Bd5 Nxf5 30. h6 Nxh6 31. Bxh6 gxh6 32. Rag1 Kh8 33. Kf1 Qd6 34. Rh5 f5
35. Rg2 fxe4 36. Bxe4 Rg8 37. Rgh2 Rbf8 38. Rxh6 Rxf2+ 39. Rxf2 Qxh6 40. Qd2
Rg1+ 41. Ke2 Qh4 42. Rg2 Qxe4+ 0-1

[Event "ICS Rated standard match"]
[Site "204.178.125.65"]
[Date "2000.03.03"]
[Round "?"]
[White "Moron"]
[Black "Hossa"]
[Result "1-0"]
[WhiteElo "2511"]
[BlackElo "2186"]
[PlyCount "131"]

1. e4 e5 2. Nf3 Nc6 3. Bb5 a6 4. Ba4 Nf6 5. O-O Nxe4 6. d4 b5 7. Bb3 d5 8. dxe5
Be6 9. c3 Be7 10. Nbd2 O-O 11. Bc2 f5 12. Nb3 Qd7 13. Nfd4 Nxd4 14. Nxd4 c5 15.
Nxe6 Qxe6 16. f3 Ng5 17. a4 g6 18. Bf4 Nf7 19. Qd2 g5 20. Bg3 f4 21. Qd3 Qg6
22. Qxg6+ hxg6 23. Bf2 Nxe5 24. Rfe1 Bf6 25. axb5 axb5 26. Bxc5 Rxa1 27. Rxa1
Rc8 28. Bb4 Nc6 29. Ba3 d4 30. Rc1 dxc3 31. bxc3 Ne5 32. Be4 Kg7 33. Bb4 g4 34.
Ra1 gxf3 35. Ra7+ Kh6 36. gxf3 Rb8 37. Ra6 Kg7 38. Ra5 Nc4 39. Ra7+ Kh6 40. Rf7
Be5 41. Bf8+ Kg5 42. Be7+ Kh6 43. Bf6 Bxf6 44. Rxf6 Rg8 45. Rxf4 Kg5 46. Rg4+
Kf6 47. Kf2 Ne5 48. Rg1 Re8 49. h4 Re7 50. Rg5 Rg7 51. f4 Nc4 52. Rxb5 Re7 53.
Bd3 Nd6 54. Rb6 Re6 55. Kf3 Kf7 56. c4 Nf5 57. Rxe6 Nd4+ 58. Kg4 Kxe6 59. Bxg6
Kf6 60. h5 Nc6 61. c5 Nb8 62. Be4 Na6 63. c6 Kg7 64. Kg5 Nc5 65. h6+ Kh8 66.
Bd5 1-0

[Event "ICS Rated bullet match"]
[Site "204.178.125.65"]
[Date "2000.03.03"]
[Round "?"]
[White "Hossa"]
[Black "MrsLovett"]
[Result "1/2-1/2"]
[WhiteElo "2319"]
[BlackElo "2706"]
[PlyCount "127"]

1. e4 c5 2. Nf3 e6 3. d4 cxd4 4. Nxd4 Nf6 5. Nc3 d6 6. Bc4 Be7 7. Be3 O-O 8.
O-O a6 9. Rb1 b5 10. Bd3 b4 11. Nce2 Ng4 12. Qd2 Nxe3 13. fxe3 Qb6 14. Rf3 Bb7
15. Rbf1 Nd7 16. Ng3 Ne5 17. R3f2 Bh4 18. Qe1 Bxg3 19. hxg3 Ng4 20. Rf4 Nf6 21.
Rh4 Rfc8 22. Nf3 a5 23. e5 dxe5 24. Nxe5 Rc7 25. Rxf6 gxf6 26. Nc4 Qc5 27. Rxh7
f5 28. Rh6 Kg7 29. Rh5 Qd5 30. Qf1 Rg8 31. Rh4 f6 32. Be2 Rh8 33. c3 bxc3 34.
bxc3 Rxh4 35. gxh4 Kf8 36. h5 Rg7 37. e4 Qxe4 38. Bf3 Qxf3 39. Qxf3 Bxf3 40.
Kf2 Bxh5 41. Nd2 Rd7 42. Nb3 Rc7 43. Nd4 Ke7 44. Nb5 Rc5 45. Nd4 Rxc3 46. a4
Rc4 47. Ke3 Rxa4 48. Kd3 Rxd4+ 49. Kxd4 e5+ 50. Kc5 f4 51. Kc4 Be2+ 52. Kc3 Bf1
53. Kc2 Bxg2 54. Kd3 e4+ 55. Kd2 e3+ 56. Kd3 a4 57. Kc2 Be4+ 58. Kc3 e2 59. Kd2
f3 60. Ke1 a3 61. Kd2 a2 62. Kc3 a1=Q+ 63. Kb4 e1=Q+ 64. Kc4 1/2-1/2

[Event "ICS Rated blitz match"]
[Site "204.178.125.65"]
[Date "2000.03.03"]
[Round "?"]
[White "Zippy"]
[Black "Hossa"]
[Result "1/2-1/2"]
[WhiteElo "2222"]
[BlackElo "2498"]
[PlyCount "122"]

1. e4 d6 2. d4 Nf6 3. Nc3 g6 4. Bc4 Bg7 5. Nf3 Nxe4 6. Bxf7+ Kxf7 7. Nxe4 Re8
8. O-O Kg8 9. Neg5 h6 10. Ne4 Bg4 11. h3 Bxf3 12. Qxf3 Nc6 13. Qg4 d5 14. Nc5
Nxd4 15. c3 h5 16. Qxg6 Qd6 17. Qxh5 Qxc5 18. cxd4 Qxd4 19. Rd1 Qe4 20. Rxd5
Qe1+ 21. Kh2 Rf8 22. f3 Rf7 23. Qg6 e5 24. Qe6 Raf8 25. Rd7 a5 26. Rxc7 b5 27.
a4 b4 28. Ra7 Qf2 29. Rxa5 Qe1 30. Ra7 Qf2 31. Rxf7 Rxf7 32. a5 e4 33. Qxe4 Bf8
34. Qd5 Bg7 35. a6 Qa7 36. Kh1 Bd4 37. Qd6 Bg7 38. Qxb4 Rd7 39. Qb3+ Rf7 40.
Be3 Qa8 41. a7 Be5 42. Rd1 Kg7 43. Qd5 Qxd5 44. Rxd5 Rxa7 45. Bxa7 Bxb2 46.
Bd4+ Bxd4 47. Rxd4 Kf6 48. f4 Ke7 49. Kh2 Kf6 50. Kg3 Ke6 51. Kh4 Kf6 52. g4
Ke6 53. f5+ Ke5 54. Rd7 Ke4 55. Re7+ Kd5 56. f6 Kd6 57. g5 Kd5 58. g6 Kc5 59.
g7 Kb6 60. f7 Kc5 61. f8=Q Kb5 1/2-1/2

[Event "ICS Rated blitz match"]
[Site "204.178.125.65"]
[Date "2000.03.03"]
[Round "?"]
[White "Hossa"]
[Black "miitrei"]
[Result "1-0"]
[WhiteElo "2487"]
[BlackElo "2131"]
[PlyCount "95"]

1. e4 c6 2. d4 d5 3. Nc3 dxe4 4. Nxe4 Bf5 5. Ng3 Bg6 6. h4 h6 7. Nf3 Nd7 8. h5
Bh7 9. Bd3 Bxd3 10. Qxd3 Qc7 11. Bd2 e6 12. O-O-O Ngf6 13. Ne4 O-O-O 14. g3
Nxe4 15. Qxe4 Bd6 16. c4 c5 17. Bc3 Nf6 18. Qe2 Kb8 19. d5 exd5 20. Bxf6 gxf6
21. cxd5 Rhe8 22. Qd2 Bf8 23. Rhe1 Rxe1 24. Qxe1 Qd7 25. Qe4 Re8 26. Qf4+ Qd6
27. Qa4 Re2 28. Rd2 Re7 29. Qg4 b6 30. Qc4 Kb7 31. g4 a6 32. Kb1 b5 33. Qd3 Rc7
34. Qf5 Kb6 35. Rd1 a5 36. Rd2 a4 37. Re2 Ra7 38. Re8 a3 39. Nd2 axb2 40. Ne4
Qd7 41. Rxf8 Qxf5 42. gxf5 c4 43. Rb8+ Ka5 44. Kxb2 Kb4 45. d6 Rd7 46. a3+ Ka5
47. Kc3 Rd8 48. Rxd8 1-0

[Event "ICS rated bullet match"]
[Site "204.178.125.65"]
[Date "2000.03.03"]
[Round "?"]
[White "Hossa"]
[Black "Miosarcoma"]
[Result "1-0"]
[WhiteElo "2348"]
[BlackElo "2053"]
[PlyCount "107"]

1. e4 e6 2. d4 d5 3. Nc3 dxe4 4. Nxe4 Nf6 5. Nxf6+ Qxf6 6. Nf3 h6 7. Bd3 Bd6 8.
O-O Nd7 9. c4 c6 10. Bd2 O-O 11. Qb1 Rd8 12. Re1 Nf8 13. Bc3 Qe7 14. Qc2 Qc7
15. Rad1 b6 16. Ne5 Bxe5 17. Rxe5 Bb7 18. Ree1 Rd7 19. Be4 Rad8 20. b4 a6 21.
a4 c5 22. bxc5 bxc5 23. Bxb7 Qxb7 24. dxc5 Qc6 25. Rxd7 Nxd7 26. Bd4 Nxc5 27.
Bxc5 Qxc5 28. Rb1 Rc8 29. Rc1 Qb4 30. Kf1 a5 31. c5 f6 32. c6 Qb6 33. Ke2 Kf7
34. Qd3 Rc7 35. Kf3 e5 36. Qb5 Qa7 37. Qd5+ Kg6 38. Qd3+ Kf7 39. Qb3+ Kg6 40.
h4 Kh7 41. Qd3+ Kg8 42. Qd5+ Kh7 43. h5 Qb8 44. Qxa5 Qd8 45. Ke2 e4 46. Qf5+
Kg8 47. Qe6+ Kh8 48. Rc3 Re7 49. Qxe7 Qxe7 50. c7 Qf7 51. c8=Q+ Kh7 52. Qf5+ g6
53. hxg6+ Qxg6 54. Rc7+ 1-0

[Event "ICS rated blitz match"]
[Site "204.178.125.65"]
[Date "2000.03.03"]
[Round "?"]
[White "Hossa"]
[Black "poodledough"]
[Result "0-1"]
[WhiteElo "2461"]
[BlackElo "2775"]
[PlyCount "110"]

1. d4 Nf6 2. c4 e6 3. Nf3 b6 4. Nc3 Bb7 5. Bg5 Bb4 6. Qb3 a5 7. e3 h6 8. Bxf6
Qxf6 9. Be2 O-O 10. O-O Re8 11. Ne5 Qd8 12. Bh5 Rf8 13. Bf3 Bxf3 14. Nxf3 Nc6
15. Nb5 Re8 16. a3 Bf8 17. Qc2 e5 18. d5 Na7 19. Nxa7 Rxa7 20. Qf5 g6 21. Qg4
c5 22. e4 a4 23. Rad1 d6 24. Nd2 Be7 25. Nb1 Qd7 26. Qe2 Bg5 27. Nc3 Raa8 28.
Nb5 Kh7 29. g3 Qd8 30. Qd3 Rf8 31. f4 exf4 32. gxf4 Bf6 33. Qd2 Qd7 34. Qg2 Kg7
35. Rf2 Rae8 36. Re2 Kh7 37. Rd3 Re7 38. Rdd2 Bg7 39. Qg3 Rfe8 40. f5 Rxe4 41.
Rxe4 Rxe4 42. Nxd6 Re5 43. Nb5 Rxf5 44. h4 Be5 45. Qe1 Rh5 46. Rg2 Qh3 47. Qf2
f6 48. Qc2 Rf5 49. Qd1 Bf4 50. Qe1 Be3+ 51. Qxe3 Qxe3+ 52. Kh2 Rf3 53. Rc2 Rh3+
54. Kg2 Qf3+ 55. Kg1 Rh1# 0-1

[Event "ICS rated blitz match"]
[Site "204.178.125.65"]
[Date "2000.03.03"]
[Round "?"]
[White "poodledough"]
[Black "Hossa"]
[Result "1-0"]
[WhiteElo "2780"]
[BlackElo "2456"]
[PlyCount "147"]

1. d4 d5 2. c4 c6 3. Nf3 Nf6 4. Nc3 e6 5. e3 Nbd7 6. Bd3 dxc4 7. Bxc4 b5 8. Bd3
Bb7 9. O-O a6 10. e4 c5 11. d5 c4 12. Bc2 Qc7 13. Qe2 Bd6 14. dxe6 fxe6 15. Kh1
O-O 16. Ng5 Rae8 17. Rd1 b4 18. Na4 Bxh2 19. g3 Bxg3 20. fxg3 Qxg3 21. Qg2 Qh4+
22. Kg1 h6 23. Nf3 Qh5 24. Rd4 b3 25. Bd1 Bxe4 26. Nc3 Bxf3 27. Bxf3 Qc5 28.
Be3 Ne5 29. Be2 Rf7 30. Ne4 Nxe4 31. Rxe4 Qd5 32. axb3 cxb3 33. Rd1 Qa5 34.
Bxh6 Nd7 35. Re3 Nf8 36. Rf1 Ree7 37. Rxb3 Qa4 38. Rbf3 Rxf3 39. Qxf3 Nh7 40.
b3 Qd7 41. Be3 Qc8 42. Bc4 Nf6 43. Ra1 Qe8 44. Rxa6 Qg6+ 45. Kf1 Qb1+ 46. Ke2
Qb2+ 47. Bd2 Qe5+ 48. Kf1 Re8 49. Bc3 Qe4 50. Qxe4 Nxe4 51. Rxe6 Rxe6 52. Bxe6+
Kf8 53. Bb4+ Ke8 54. Ke2 Ng5 55. Bg8 Nh3 56. Kf3 Ng1+ 57. Kf4 Kd7 58. Bf8 g6
59. Kg5 Ke8 60. Bg7 Kd7 61. Kg4 Kc6 62. Be5 Kc5 63. Bc4 Kc6 64. b4 Kd7 65. b5
g5 66. Bd4 Nf3 67. Kxf3 Kd6 68. Ba7 Kd7 69. Kg4 Ke7 70. b6 Kf6 71. b7 Kg6 72.
b8=Q Kh7 73. Kxg5 Kg7 74. Qg8# 1-0

[Event "ICS rated standard match"]
[Site "204.178.125.65"]
[Date "2000.03.03"]
[Round "?"]
[White "Hossa"]
[Black "star"]
[Result "0-1"]
[WhiteElo "2182"]
[BlackElo "2572"]
[PlyCount "198"]

1. e4 d5 2. exd5 Qxd5 3. Nc3 Qd6 4. Nf3 Nc6 5. d4 Nf6 6. Be2 a6 7. a3 e6 8. Bg5
Be7 9. O-O h6 10. Be3 O-O 11. Bd3 Ng4 12. Qd2 Qd8 13. Ne2 Bd7 14. c4 Nxe3 15.
fxe3 Bg5 16. Rf2 f5 17. Raf1 Qe7 18. c5 g6 19. b3 Bf6 20. Nf4 Kh7 21. Bc4 b5
22. cxb6 cxb6 23. d5 Ne5 24. Nxe5 Bxe5 25. Nxe6 Bxe6 26. dxe6 Rfd8 27. Qb4 Bd6
28. Qc3 Bxa3 29. Qa1 b5 30. Be2 Bc5 31. Qe5 Bd6 32. Qa1 Qxe6 33. Bf3 Ra7 34.
Qa5 Bc7 35. Qc3 Bb6 36. Kh1 Rc7 37. Qa1 Bxe3 38. Ra2 Rd6 39. b4 Bd2 40. Rb2 Rc4
41. Qb1 Bc3 42. Re2 Qf6 43. Re8 Qf7 44. Ra8 Rxb4 45. Qc2 Rb3 46. Qc1 Bd4 47.
Qc8 Rc3 48. Qb8 Rd7 49. Rxa6 Qc4 50. Raa1 Rxf3 51. gxf3 Bxa1 52. Rxa1 Qe2 53.
Qf4 Rd1+ 54. Rxd1 Qxd1+ 55. Kg2 Qc2+ 56. Kg3 Qc5 57. Qb8 h5 58. h4 b4 59. Qb7+
Kg8 60. Kg2 Qc3 61. Qb8+ Kh7 62. Qb7+ Kh6 63. Qe7 b3 64. f4 b2 65. Qg5+ Kh7 66.
Qe7+ Qg7 67. Qb4 Qf6 68. Kg3 Kg8 69. Qb3+ Kg7 70. Qb7+ Kh6 71. Qb4 Kh7 72. Qb7+
Qg7 73. Qb3 Kh6 74. Qb4 Qf6 75. Kh3 Qh8 76. Kg3 Qg7 77. Kf3 g5 78. hxg5+ Kg6
79. Qb6+ Kh7 80. Kg2 Qc3 81. Qh6+ Kg8 82. Qe6+ Kf8 83. Qd6+ Ke8 84. Qe6+ Kd8
85. Qd6+ Kc8 86. Qe6+ Kc7 87. Qe7+ Kb6 88. Qd8+ Kc5 89. Qe7+ Kd5 90. Qd8+ Ke4
91. Qd1 h4 92. Qa4+ Ke3 93. Qb5 Qc2+ 94. Kh3 b1=Q 95. Qe5+ Kf3 96. Qd5+ Qe4 97.
Qxe4+ fxe4 98. Kh2 Qf1 99. g6 Qg2# 0-1

[Event "ICS rated blitz match"]
[Site "204.178.125.65"]
[Date "2000.03.03"]
[Round "?"]
[White "Rabbit-Basher"]
[Black "Hossa"]
[Result "0-1"]
[WhiteElo "2140"]
[BlackElo "2452"]
[PlyCount "50"]

1. e4 e5 2. f4 exf4 3. Nf3 g5 4. h4 g4 5. Ne5 Nf6 6. d4 d6 7. Nd3 Nxe4 8. Bxf4
Qe7 9. Qe2 Nc6 10. c3 Bf5 11. Nd2 O-O-O 12. O-O-O Re8 13. Nxe4 Qxe4 14. Qxe4
Bxe4 15. Nf2 f5 16. Nxe4 fxe4 17. Be2 h5 18. Rhf1 d5 19. Be3 Be7 20. g3 Bd6 21.
Bf4 Rhf8 22. Bxd6 cxd6 23. Kd2 Kd7 24. Bb5 a6 25. Be2 Ne7 0-1

[Event "ICS rated blitz match"]
[Site "204.178.125.65"]
[Date "2000.03.03"]
[Round "?"]
[White "Hossa"]
[Black "Rabbit-Basher"]
[Result "1-0"]
[WhiteElo "2457"]
[BlackElo "2135"]
[PlyCount "71"]

1. e4 c5 2. Nf3 Nc6 3. d4 cxd4 4. Nxd4 Nf6 5. Nc3 d6 6. Bc4 e6 7. Be3 a6 8. Qe2
Qc7 9. O-O-O Na5 10. Bd3 b5 11. Qf3 Bb7 12. Bg5 Be7 13. h4 h6 14. Bd2 h5 15.
Qg3 g6 16. Qf3 Nc4 17. Bg5 Ne5 18. Qf4 Nxd3+ 19. Rxd3 Ng4 20. Bxe7 Qxe7 21. Nb3
Ne5 22. Rdd1 Nc4 23. Nd2 Nxd2 24. Qxd2 O-O-O 25. Qd4 Kb8 26. a4 bxa4 27. Qxa4
Rc8 28. Qb4 Rhd8 29. Rh3 Qf6 30. Rf3 Qe7 31. e5 Ka8 32. exd6 Qd7 33. Na4 Rc6
34. Rb3 Ka7 35. Nb6 Qe8 36. Nc8+ 1-0

[Event "ICS rated bullet match"]
[Site "204.178.125.65"]
[Date "2000.03.03"]
[Round "?"]
[White "BountyHunter"]
[Black "Hossa"]
[Result "1-0"]
[WhiteElo "2709"]
[BlackElo "2353"]
[PlyCount "79"]

1. e4 e5 2. Nf3 Nc6 3. d4 exd4 4. Nxd4 Bc5 5. Be3 Qf6 6. c3 Nge7 7. Nc2 Bxe3 8.
Nxe3 O-O 9. Be2 Qe5 10. Bd3 f5 11. exf5 Nxf5 12. Bxf5 Rxf5 13. Nd2 Rf7 14. O-O
d6 15. Nf3 Qf4 16. Nd5 Qf5 17. Ne3 Qb5 18. c4 Qxb2 19. Ng5 Nd4 20. Nxf7 Ne2+
21. Kh1 Kxf7 22. c5 Be6 23. cxd6 Bxa2 24. dxc7 Be6 25. Rb1 Qa2 26. Re1 Nc3 27.
Rxb7 Rc8 28. Qf3+ Kg8 29. Qc6 Bd5 30. Nxd5 Qxd5 31. Qe8+ Rxe8 32. Rxe8+ Kf7 33.
c8=Q+ Kf6 34. Qxc3+ Kf5 35. Rf8+ Ke6 36. Qe3+ Qe5 37. Re8+ Kd5 38. Rxe5+ Kc6
39. Qe4+ Kd6 40. Qd5# 1-0

[Event "ICS rated blitz match"]
[Site "204.178.125.65"]
[Date "2000.03.03"]
[Round "?"]
[White "brutus"]
[Black "Hossa"]
[Result "0-1"]
[WhiteElo "2065"]
[BlackElo "2482"]
[PlyCount "54"]

1. e4 e5 2. Nf3 Nc6 3. Bb5 a6 4. Ba4 Nf6 5. Qe2 b5 6. Bb3 Bc5 7. c3 O-O 8. d3
b4 9. Bg5 bxc3 10. bxc3 d6 11. Nbd2 Rb8 12. Nf1 Be6 13. Ng3 Bxb3 14. axb3 Rxb3
15. Nh5 Rxc3 16. O-O Re8 17. Bxf6 gxf6 18. Qd2 Re6 19. Qxc3 Nd4 20. Nxd4 Bxd4
21. Qd2 Bxa1 22. Rxa1 Kh8 23. Rxa6 Qf8 24. Qa2 Re8 25. Nxf6 Qh6 26. Qc2 Rb8 27.
Nd5 Qd2 0-1

[Event "ICS rated blitz match"]
[Site "204.178.125.65"]
[Date "2000.03.03"]
[Round "?"]
[White "brutus"]
[Black "Hossa"]
[Result "0-1"]
[WhiteElo "2091"]
[BlackElo "2456"]
[PlyCount "70"]

1. e4 e5 2. Nf3 Nc6 3. Bb5 Nf6 4. Qe2 Bd6 5. c3 a6 6. Ba4 b5 7. Bb3 b4 8. d3
O-O 9. Bg5 bxc3 10. bxc3 Rb8 11. Nbd2 Bc5 12. Nf1 d6 13. Ng3 Na5 14. Nh5 Nxb3
15. axb3 Rxb3 16. O-O Rxc3 17. Bxf6 gxf6 18. Qd2 Bg4 19. Qh6 Bxh5 20. Qxh5 Rxd3
21. Nh4 Kh8 22. Nf5 Ba3 23. Rad1 Rxd1 24. Rxd1 Bc5 25. Rd3 Qb8 26. h3 Qb1+ 27.
Kh2 Bxf2 28. Rd1 Qxe4 29. Rf1 Qf4+ 30. Kh1 Rg8 31. g4 Qf3+ 32. Kh2 Rb8 33. Qh6
Bg3+ 34. Kg1 Bh2+ 35. Kxh2 Rb2+ 0-1

[Event "ICS rated blitz match"]
[Site "204.178.125.65"]
[Date "2000.03.03"]
[Round "?"]
[White "Hossa"]
[Black "brutus"]
[Result "1-0"]
[WhiteElo "2459"]
[BlackElo "2088"]
[PlyCount "60"]

1. e4 e6 2. d4 d5 3. Nc3 Nf6 4. e5 Nfd7 5. f4 c5 6. Nf3 Nc6 7. Be3 cxd4 8. Nxd4
Bc5 9. Qd2 a6 10. O-O-O O-O 11. h4 Bxd4 12. Bxd4 b5 13. Be3 Qa5 14. Kb1 b4 15.
Ne2 Nc5 16. Ng3 Na4 17. Ne2 Rb8 18. Ka1 Bd7 19. h5 Rfc8 20. h6 g6 21. g4 Ne7
22. Bg2 Nc3 23. bxc3 bxc3 24. Qc1 Rb2 25. Nxc3 Qxc3 26. Qxb2 Qxe3 27. Bxd5 Nxd5
28. Rxd5 Bc6 29. Rd3 Qxf4 30. Qc3 Qxg4 1-0

[Event "ICS rated blitz match"]
[Site "204.178.125.65"]
[Date "2000.03.03"]
[Round "?"]
[White "Hossa"]
[Black "brutus"]
[Result "1-0"]
[WhiteElo "2465"]
[BlackElo "2082"]
[PlyCount "81"]

1. d4 Nf6 2. c4 c5 3. d5 e6 4. Nc3 exd5 5. cxd5 d6 6. e4 g6 7. Nf3 Bg7 8. Be2
Bg4 9. O-O a6 10. h3 Bxf3 11. Bxf3 Nbd7 12. Bg5 b5 13. Qc2 O-O 14. Rfd1 Qb6 15.
Qd2 Rfe8 16. Qf4 Rac8 17. Rac1 c4 18. Rd2 b4 19. Ne2 a5 20. Rdc2 Qb5 21. Nd4
Qa6 22. Nc6 b3 23. axb3 cxb3 24. Ne7+ Rxe7 25. Rxc8+ Re8 26. R8c6 Qd3 27. Rd1
Qb5 28. Qxd6 a4 29. Bxf6 Nxf6 30. e5 Nh5 31. Bxh5 gxh5 32. Qd7 Qb8 33. Rc7 Rf8
34. Qe7 Qe8 35. Qxe8 Rxe8 36. f4 Ra8 37. d6 Bf8 38. Rd3 Kg7 39. Rg3+ Kh6 40.
Rxf7 Rc8 41. Rf6# 1-0

[Event "ICS rated bullet match"]
[Site "204.178.125.65"]
[Date "2000.03.03"]
[Round "?"]
[White "Hossa"]
[Black "red-day"]
[Result "1-0"]
[WhiteElo "2349"]
[BlackElo "2328"]
[PlyCount "24"]

1. d4 d5 2. c4 dxc4 3. Nf3 Nf6 4. e3 b5 5. Be2 c6 6. O-O Bd7 7. Ne5 e6 8. Nxd7
Qxd7 9. Bf3 Na6 10. a4 bxa4 11. Qxa4 Nc7 12. Bxc6 Qxc6 1-0

[Event "ICS rated standard match"]
[Site "204.178.125.65"]
[Date "2000.03.03"]
[Round "?"]
[White "janh"]
[Black "Hossa"]
[Result "0-1"]
[WhiteElo "2207"]
[BlackElo "2179"]
[PlyCount "103"]

1. d4 d5 2. c4 dxc4 3. Nf3 Nf6 4. e3 e6 5. Bxc4 c5 6. O-O a6 7. a4 Nc6 8. Qe2
cxd4 9. Rd1 Be7 10. Nc3 e5 11. exd4 exd4 12. Nxd4 Nxd4 13. Qe5 Nf3+ 14. gxf3
Bd7 15. Nd5 Nxd5 16. Bxd5 O-O 17. Bxb7 Ra7 18. Be4 Rc7 19. Qd5 Qc8 20. Bf4 Be6
21. Qd3 Rd8 22. Bxh7+ Kh8 23. Qb1 Rxd1+ 24. Qxd1 Kxh7 25. Bxc7 Qxc7 26. Rc1 Qf4
27. Rc6 Qg5+ 28. Kh1 Bh3 29. Qb1+ g6 30. Qg1 Qd5 31. Rc3 Bf6 32. Re3 Bxb2 33.
Re4 Bf6 34. Qe1 Qb3 35. Qe2 Kg7 36. Re3 Qxa4 37. Re4 Qa1+ 38. Qe1 Qxe1+ 39.
Rxe1 Be6 40. Re4 a5 41. Ra4 Bc3 42. Re4 Kf6 43. Re3 Bb2 44. Re4 Kf5 45. Ra4 Bc3
46. Re4 Bd5 47. Re3 Bb2 48. Rd3 Ke5 49. Re3+ Kd6 50. Kg1 a4 51. h4 a3 52. Kg2
0-1